Leinster House : (Record no. 846)

MARC details
000 -LEADER
fixed length control field 01110cam a2200313 i 4500
001 - CONTROL NUMBER
control field 2269757
003 - CONTROL NUMBER IDENTIFIER
control field OSt
005 - DATE AND TIME OF LATEST TRANSACTION
control field 20230608111713.0
008 - FIXED-LENGTH DATA ELEMENTS--GENERAL INFORMATION
fixed length control field 780825s1975 ie a b 001 0 eng
010 ## - LIBRARY OF CONGRESS CONTROL NUMBER
LC control number 78311261
015 ## - NATIONAL BIBLIOGRAPHY NUMBER
National bibliography number Ir***
020 ## - INTERNATIONAL STANDARD BOOK NUMBER
Terms of availability £0.50
040 ## - CATALOGING SOURCE
Original cataloging agency DLC
Transcribing agency DLC
Modifying agency DLC
043 ## - GEOGRAPHIC AREA CODE
Geographic area code e-ie---
050 00 - LIBRARY OF CONGRESS CALL NUMBER
Classification number DA995.D9
Item number L47
082 00 - DEWEY DECIMAL CLASSIFICATION NUMBER
Classification number 328
Item number GRI
100 1# - MAIN ENTRY--PERSONAL NAME
Personal name Tobin, John R.
245 10 - TITLE STATEMENT
Title Leinster House :
Remainder of title seat of Dáil Éireann, Seanad Éireann /
Statement of responsibility, etc. John R. Tobin ; designer, Jan de Fouw ; photographer, James Bambury.
260 ## - PUBLICATION, DISTRIBUTION, ETC. (IMPRINT)
Place of publication, distribution, etc. [Dublin :
Name of publisher, distributor, etc. Stationery Office : sold by Govt. Publications Sale Office,
Date of publication, distribution, etc. 1975?]
300 ## - PHYSICAL DESCRIPTION
Extent 72 p. :
Other physical details ill. (some col.) ;
Dimensions 21 cm.
500 ## - GENERAL NOTE
General note "Designed as a successor to Tigh Laighean-Leinster House written by the late Mícheál Mac Críosta."
500 ## - GENERAL NOTE
General note Includes index.
504 ## - BIBLIOGRAPHY, ETC. NOTE
Bibliography, etc Bibliography: p. 66.
610 20 - SUBJECT ADDED ENTRY--CORPORATE NAME
Corporate name or jurisdiction name as entry element Leinster House (Dublin, Ireland)
651 #0 - SUBJECT ADDED ENTRY--GEOGRAPHIC NAME
Geographic name Dublin (Ireland)
General subdivision Buildings, structures, etc.
700 1# - ADDED ENTRY--PERSONAL NAME
Personal name MacCríosta, Micheál.
Title of a work Tigh Laighean.
906 ## - LOCAL DATA ELEMENT F, LDF (RLIN)
a 7
b cbc
c orignew
d 4
e ncip
f 19
g y-gencatlg
942 ## - ADDED ENTRY ELEMENTS (KOHA)
Source of classification or shelving scheme Dewey Decimal Classification
Koha item type Books
Holdings
Withdrawn status Lost status Source of classification or shelving scheme Damaged status Not for loan Home library Current library Date acquired Total Checkouts Full call number Barcode Date last seen Price effective from Koha item type
    Dewey Decimal Classification     Bunge Tower Library Bunge Tower Library 06/08/2023   328 GRI 100001423 06/08/2023 06/08/2023 Books
LIBRARY OPENING HOURS

When the Parliament is sitting: 8.00a.m - 7.00p.m or until the house adjourns
Mondays and Fridays and when the House is on Recess:  8.00a.m - 5.00p.m
Closed on Weekends and Public Holidays

Online Public Access Catalog (OPAC)
Website: http://www.parliament.go.ke
Bunge Library: https://libraryir.parliament.go.ke
Contact: library@parliament.go.ke | Tel no: (254-2)2221291 or 2848000 Ext 5043